La familia de Pascual Duarte.

Salvato in:
Dettagli Bibliografici
Autore principale: Cela, Camilo José (autor)
Natura: Libro
Pubblicazione: Bogotá, España: Espasa, [2007].
Serie:Biblioteca Hispanoamericana del Siglo XX.
Soggetti:
Tags: Aggiungi Tag
Nessun Tag, puoi essere il primo ad aggiungerne!!

MARC

LEADER 00000nam a22000007a 4500
003 CL-VaPUC
005 20241121130307.0
008 241115t2007 ||||| |||| 00| 0 eng d
999 |c 445720  |d 445718 
020 |a 958-42-0976-0 
040 |c Pontificia Universidad Católica de Valparaíso 
082 0 4 |a 863 CEL [2007]  |2 21 
100 0 |a Cela, Camilo José  |e autor  |9 320105 
245 1 3 |a La familia de Pascual Duarte. 
260 |a Bogotá, España:  |b Espasa,  |c [2007]. 
300 |a 153 páginas.  
490 0 |a Biblioteca Hispanoamericana del Siglo XX. 
500 |a c.1. Donación Btca. de Educación Memo s/n 6-11-2024. 
583 |a last modification  |c 20030825 00:00:00  |k Cristina María Rojas Aguilar 
650 |a Novelas españolas  |9 265052 
942 |c BK  |2 ddc 
952 |0 0  |1 0  |2 ddc  |4 0  |6 863_000000000000000_CEL_2007  |7 0  |8 A  |9 598050  |a BIBEDU  |b BIBEDU  |d 2024-11-15  |e Donación   |i 5663279  |o 863 CEL [2007]  |p 5663279  |r 2024-11-15  |t 1  |w 2024-11-15  |y BK  |k EDU